| 000 | 00479nam a2200169Ia 4500 | ||
|---|---|---|---|
| 008 | 181130s2018 xx 000 0 und d | ||
| 100 | _aMalhotra, Rashpal | ||
| 245 |
_aPoverty versus population: _bthe causes and challenges to achieve sustainable development (Document) |
||
| 260 | _c2018 | ||
| 300 | _ap.175-178. | ||
| 504 | _dMar | ||
| 650 | _aPopulation | ||
| 650 | _aPoverty | ||
| 650 | _aSustainable development | ||
| 773 | _aMan and Development | ||
| 906 | _aPoverty | ||
| 999 |
_c506637 _d506637 |
||